| Tag |
First Indicator |
Second Indicator |
Subfields |
| LEADER |
00000cam a2200000 i 4500 |
| 001 |
in00000048114 |
| 005 |
20151007065538.0 |
| 008 |
790130r1906 sz ab b 00010 fre d |
| 010 |
|
|
|a gs 14000586
|
| 035 |
|
|
|a (OCoLC)04601613
|
| 035 |
|
|
|9 AAE2209AM
|
| 040 |
|
|
|a IXA
|c IXA
|d TXA
|d UtOrBLW
|
| 049 |
|
|
|a TXAM
|c [97220]
|
| 090 |
|
|
|a QE691
|b .J685
|
| 092 |
|
|
|a 558.6
|b J86s
|
| 100 |
1 |
|
|a Joukowsky, Etienne,
|d 1869-
|
| 245 |
1 |
0 |
|a Sur quelques affleurements nouveaux de roches tertiaires dans l'isthme de Panama /
|c par E. Joukowsky.
|
| 264 |
|
1 |
|a Geneve :
|b Imprimerie W. Kundig & Fils,
|c 1906.
|
| 300 |
|
|
|a [155]-178 pages, [7] pages :
|b illustrations, map ;
|c 32 cm.
|
| 336 |
|
|
|a text
|b txt
|2 rdacontent
|
| 337 |
|
|
|a unmediated
|b n
|2 rdamedia
|
| 338 |
|
|
|a volume
|b nc
|2 rdacarrier
|
| 500 |
|
|
|a "Extrait des Memoires de la Societe de Physique et d'Histoire naturelle de Geneve, volume 35, fascicule 2 (1906)."
|
| 504 |
|
|
|a Bibliography: pages 176-178.
|
| 650 |
|
0 |
|a Geology
|z Panama.
|
| 999 |
|
|
|a MARS
|
| 999 |
f |
f |
|s f503b2f9-1db2-3623-8a12-3e45ff68a373
|i 3a46b0c8-f5cd-3637-971c-39598ec23cc3
|t 0
|
| 952 |
f |
f |
|p ric
|a Texas A&M University
|b Rellis Campus
|c Joint Library Facility
|d Remote Storage
|t 0
|e QE691 .J685
|h Library of Congress classification
|i unmediated -- volume
|m A14800962217
|
| 998 |
f |
f |
|a QE691 .J685
|t 0
|l Remote Storage
|